Statistics for Новогодние Персонажи Смешариков

Click here to take the quiz!

General Stats

  • This quiz has been taken 310 times
  • The average score is 6 of 14

Answer Stats

ГодСерияНовогодний персонаж% Correct
2011"Лунный заяц"Крош/Лунный заяц
71%
2013"Шуша"Шуша
66%
2022"Охота на тигра*Тигр/Тигриция
62%
2007"Маскарад"Нюша
61%
2015"Баранка"Бараш
54%
2012"С новым хрумом!"Хрум
47%
2009"Эффект бабушки"Муня и Муля
43%
2021"Старинный новогодний обычай"Муня и Муля
43%
2017"Петя Юрского периода"Петя
41%
2008"Новогодняя почта"Мышарик
31%
2014"Новогодний эфир"Игогоша
30%
2018"Новый год по-взрослому"Тузя
20%
2010"Новогодняя сказка"Тигриция
17%
2016"Сыр-бор, Новый год!"Фиса
16%

Score Distribution

Percentile by Number Answered

Percent of People with Each Score

Your Score History

You have not taken this quiz